Giao tiếp tiếng Nga trong mọi tình huống
Đã lưu trong:
| 主要作者: | |
|---|---|
| 格式: | 图书 |
| 语言: | Undetermined |
| 出版: |
Hà Nội
Bách khoa Hà Nội
2013
|
| 主题: | |
| 标签: |
添加标签
没有标签, 成为第一个标记此记录!
|
| Thư viện lưu trữ: | Trung tâm Học liệu Trường Đại học Cần Thơ |
|---|
| LEADER | 00526nam a2200181Ia 4500 | ||
|---|---|---|---|
| 001 | CTU_194971 | ||
| 008 | 210402s9999 xx 000 0 und d | ||
| 082 | |a 491.7 | ||
| 082 | |b Th107 | ||
| 100 | |a Thanh Hà | ||
| 245 | 0 | |a Giao tiếp tiếng Nga trong mọi tình huống | |
| 245 | 0 | |c Thanh Hà | |
| 260 | |a Hà Nội | ||
| 260 | |b Bách khoa Hà Nội | ||
| 260 | |c 2013 | ||
| 650 | |a Russian language | ||
| 650 | |x Tiếng Nga thực hành | ||
| 980 | |a Trung tâm Học liệu Trường Đại học Cần Thơ | ||